000 00973nam0a22002891 4500
001 rc\4848782
005 20250613015639.0
021 _aRU
_b[61-44683]
035 _a(NLR Aleph) 008897670
090 _a8682442
_c8682442
100 _a20130426d1961 |||y0rusy50 ca
101 0 _arus
102 _aRU
105 _aa z |||||
200 1 _aБесконтактные магнитные реле
210 _aМосква
_aЛенинград
_cГосэнергоиздат
_d1961
215 _a128 с.
_cчерт.
_d20
225 1 _aБиблиотека по автоматике
_vВып. 39
320 _aБиблиогр.: с. 124-126 (59 назв.)
606 _aУсилители магнитные
_2psbo
606 _aРеле бесконтактные
_2psbo
700 1 _aТищенко
_bН.М.
_f1920-
_gНиколай Михайлович
801 0 _aRU
_bNLR
_gpsbo
801 1 _aRU
_bELAR
_2rusmarc
852 _aNLR
_j61-3/3374
942 _cBOOK
980 _aNB